header

Healing together (Record no. 127796)

MARC details
000 -LEADER
fixed length control field 01851nam a2200433Ia 4500
082 04 - DEWEY DECIMAL CLASSIFICATION NUMBER
Classification number 362.11068/3
245 00 - TITLE STATEMENT
Title Healing together
260 ## - PUBLICATION, DISTRIBUTION, ETC. (IMPRINT)
Place of publication Ithaca :
Name of publisher ILR Press/Cornell University Press,
Year of publication 2009.
300 ## - PHYSICAL DESCRIPTION
Number of Pages xi, 258 p. :
Other physical details ill.
490 1# - SERIES STATEMENT
Series statement Culture and politics of health care work
500 ## - GENERAL NOTE
General note "ILR/Cornell paperbacks"--P. [4] of cover.
650 #0 - SUBJECT ADDED ENTRY--TOPICAL TERM
Topical Term Labor-management committees
Topical Term Health services administration
Topical Term Health facilities
Topical Term Collective bargaining
Topical Term Medical personnel
Topical Term Industrial relations
700 1# - ADDED ENTRY--PERSONAL NAME
Personal name Kochan, Thomas A.
856 40 - ELECTRONIC LOCATION AND ACCESS
Uniform Resource Identifier http://site.ebrary.com/lib/rucke/Doc?id=10457576

No items available.

© 2026 Rongo University
Contact us: librarian | system librarian | Rongo university